[Event "Mlada Boleslav Region-ch U20"]
[Site "Mlada Boleslav"]
[Date "2012.06.24"]
[Round "6"]
[White "Strelba, Ivo"]
[Black "Flek, Lukas"]
[Result "1-0"]
[WhiteElo "1299"]
[BlackElo "1100"]
[PlyCount "37"]
[EventDate "2012.06.23"]
[EventType "swiss"]
[EventRounds "7"]
[EventCountry "CZE"]
[SourceTitle "EXT 2014"]
[Source "ChessBase"]
[SourceDate "2013.11.20"]
[SourceVersion "1"]
[SourceVersionDate "2013.11.20"]
[SourceQuality "1"]

1. e4 e5 2. d4 exd4 3. Qxd4 Nc6 4. Qe3 Nb4 5. Bd3 Nxd3+ 6. Qxd3 Nf6 7. Nc3 Bb4 8. Bd2 Bxc3 9. Bxc3 d6 10. 0-0-0 Ng4 11. Qg3 0-0 12. h3 Nf6 13. f4 Qe8 14. Bxf6 g6 15. Qg5 Qxe4 16. Qh6 Qe3+ 17. Kb1 Qc1+ 18. Kxc1 Be6 19. Qg7# 1-0

[Event "Mlada Boleslav Region-ch U20"]
[Site "Mlada Boleslav"]
[Date "2012.06.23"]
[Round "3"]
[White "Machac, Jakub"]
[Black "Flek, Lukas"]
[Result "1-0"]
[WhiteElo "1250"]
[BlackElo "1100"]
[PlyCount "39"]
[EventDate "2012.06.23"]
[EventType "swiss"]
[EventRounds "7"]
[EventCountry "CZE"]
[SourceTitle "EXT 2014"]
[Source "ChessBase"]
[SourceDate "2013.11.20"]
[SourceVersion "1"]
[SourceVersionDate "2013.11.20"]
[SourceQuality "1"]

1. e4 e5 2. Nf3 Nc6 3. Bc4 Nf6 4. Nc3 Bb4 5. 0-0 0-0 6. a3 Bxc3 7. bxc3 Nxe4 8. Re1 d5 9. Bd3 Bf5 10. c4 Re8 11. cxd5 Qxd5 12. c4 Qd6 13. Bxe4 Bg4 14. Bxc6 bxc6 15. h3 Bh5 16. Bb2 e4 17. Qe2 Qe6 18. Qe3 exf3 19. Qd4 Qc8 20. Qxg7# 1-0

[Event "Mlada Boleslav Region-ch U20"]
[Site "Mlada Boleslav"]
[Date "2012.06.23"]
[Round "1"]
[White "Maslo, Ondrej"]
[Black "Flek, Lukas"]
[Result "1-0"]
[WhiteElo "1485"]
[BlackElo "1100"]
[PlyCount "53"]
[EventDate "2012.06.23"]
[EventType "swiss"]
[EventRounds "7"]
[EventCountry "CZE"]
[SourceTitle "EXT 2014"]
[Source "ChessBase"]
[SourceDate "2013.11.20"]
[SourceVersion "1"]
[SourceVersionDate "2013.11.20"]
[SourceQuality "1"]

1. e4 e5 2. Nc3 Nf6 3. f4 exf4 4. e5 Ng8 5. Nf3 Nc6 6. d4 Bb4 7. Bxf4 d6 8. Bc4 dxe5 9. Bxe5 Nxe5 10. Nxe5 Be6 11. Bxe6 fxe6 12. Qh5+ g6 13. Nxg6 Nf6 14. Qh4 Rg8 15. Ne5 Rxg2 16. Rf1 Be7 17. Rxf6 Bxf6 18. Qh5+ Ke7 19. Qf7+ Kd6 20. Nb5+ Kd5 21. c4+ Ke4 22. Qxh7+ Ke3 23. Qh3+ Kf4 24. Qf3+ Kg5 25. Qxg2+ Kh5 26. Qg4+ Kh6 27. Qg6# 1-0